000 00782nam a22002777a 4500
001 BR6001202
003 BR-BrBNA
005 20230928083052.0
007 ta
008 230509b bl.||||| |||| 00| 0 por d
040 _aBR-BrBNA
_bpor
_cBiblioteca Nacional de Agricultura
041 _a(Por)
072 _aF01; H20; E21
_b0590
090 _ 0590 BR6001202
100 1 _aHenriques, J.
110 1 _aDepartamento Nacional da Producao Vegetal, Rio de Janeiro, GB (Brasil). Servico de Plantas Texteis
_93246
245 1 _aO caroa
260 3 _aRio de Janeiro, GB (Brasil):
_c1938.
300 _a35 p.
650 _aCAROA
650 _aINDUSTRIALIZACAO
650 _aPRATICA CULTURAL
650 _aDOENCA DE PLANTA
909 _a202309
_bLucia
_c55
_dLucia Elande
942 _cBK
999 _c11395
_d11395